| 000 | 00478nam a2200121Ia 4500 | ||
|---|---|---|---|
| 008 | 160712s9999 xx 000 0 und d | ||
| 100 | _aBarriaga, Maria Cynthia B. | ||
| 245 |
_cMaria Cynthia B. Barriga _aThe Asia-Pacific War in the Davao Settler Zone, December 1941 |
||
| 260 |
_c2015 _bKasarinlan Philippine Journal of Third World Studies |
||
| 300 | _avol. 30 no. 1 | ||
| 650 | _xINDEPENDENCE | ||
| 856 | _uhttp://journals.upd.edu.ph/index.php/kasarinlan/issue/view/533/showToc | ||
| 999 |
_c297054 _d297054 |
||